000 01155cam a2200325 i 4500
001 69505
003 Mx-PuUPA
005 20240410104316.0
008 220521s2017 mx |||gr|||| 00| 0 spa d
020 _a9786070746383
040 _aMx-PuUPA
_bspa
_cMx-PuUPA
_dMx-PuUPA
_erda
041 0 _aspa
_hara
240 1 4 _aAlf layla wa-layla.
_lEspañol
245 1 0 _aLas mil y una noches /
_ctraducción del árabe, Dolors Cinca Pinós, Margarita Castells Criballés
250 _aPrimera edición
264 _aCiudad de México :
_bEditorial Planeta Mexicana,
_c©2017
300 _a643 páginas ;
_c19 cm
336 _2rdacontent
_atexto
_btxt
337 _2rdamedia
_asin medio
_bn
338 _2rdacarrier
_avolumen
_bnc
650 7 _2armarc
_aCuentos árabes
650 7 _2armarc
_aNovela árabe
700 1 _aCinca, Dolors,
_etraductor
_912638
700 _aCastells Criballés, Margarita,
_etraductor
765 0 8 _aCinca Pinós, Dolors,
_tAlf layla wa-layla.
942 _2ddc
_cLI
_h892.73
_iM637
999 _c69505
_d69505